[Event "Nouadhibou Independence op"]
[Site "Nouadhibou"]
[Date "2014.11.30"]
[Round "9"]
[White "Abdallahi, Eyaha"]
[Black "Hemam, Moulaye Brahim"]
[Result "0-1"]
[WhiteElo "1698"]
[BlackElo "2077"]
[PlyCount "57"]
[EventDate "2014.11.27"]
[EventType "swiss"]
[EventRounds "9"]
[EventCountry "MAU"]
[SourceTitle "CBM 163 Extra"]
[Source "ChessBase"]
[SourceDate "2014.12.23"]
[SourceVersion "1"]
[SourceVersionDate "2014.12.23"]
[SourceQuality "1"]

1. e4 c5 2. Nf3 g6 3. d4 cxd4 4. Nxd4 Bg7 5. Nc3 e6 6. Be3 Nc6 7. f3 Nge7 8. Bc4 0-0 9. 0-0 a6 10. a3 b5 11. Ba2 Bb7 12. Qd2 Ne5 13. f4 Ng4 14. Rf3 Qc7 15. h3 Nxe3 16. Rxe3 Qxf4 17. Rf1 Qe5 18. Nf3 Qc5 19. b4 Qb6 20. Kh2 Bh6 21. Rfe1 Qc7+ 22. Kh1 f5 23. Qd3 Bxe3 24. Rxe3 fxe4 25. Nxe4 Nf5 26. Re1 Bxe4 27. Rxe4 Ng3+ 28. Kg1 Nxe4 29. Qxe4 0-1